Learning Resource and Development

Strategic social marketing (Record no. 11536)

MARC details
000 -LEADER
fixed length control field 00977nam a22003257a 4500
005 - DATE AND TIME OF LATEST TRANSACTION
control field 20230512223713.0
008 - FIXED-LENGTH DATA ELEMENTS--GENERAL INFORMATION
fixed length control field 210715t xxu||||| |||| 00| 0 eng d
020 ## - INTERNATIONAL STANDARD BOOK NUMBER
International Standard Book Number 9781526446039
040 ## - CATALOGING SOURCE
Transcribing agency CSPC
050 0# - LIBRARY OF CONGRESS CALL NUMBER
Classification number HF5414
Item number F887
082 0# - DEWEY DECIMAL CLASSIFICATION NUMBER
Classification number 658.8
Item number F887
100 ## - MAIN ENTRY--PERSONAL NAME
Personal name French, Jeff
Relator term author.
245 00 - TITLE STATEMENT
Title Strategic social marketing
Remainder of title for behaviour & social change
Statement of responsibility, etc. Jeff French
250 ## - EDITION STATEMENT
Edition statement Second
Remainder of edition statement edition
260 ## - PUBLICATION, DISTRIBUTION, ETC.
Place of publication, distribution, etc. London :
Name of publisher, distributor, etc. SAGE ,
Date of publication, distribution, etc. 2020.
300 ## - PHYSICAL DESCRIPTION
Extent xxiii, 551 pages :
Other physical details figures, tables ;
Dimensions 25 cm.
336 ## - CONTENT TYPE
Source rdacontent
Content type term text
337 ## - MEDIA TYPE
Source rdamedia
Media type term unmediated
338 ## - CARRIER TYPE
Source rdacarrier
Carrier type term volume
500 ## - GENERAL NOTE
General note Includes index
504 ## - BIBLIOGRAPHY, ETC. NOTE
Bibliography, etc. note Includes bibliographical references.
650 10 - SUBJECT ADDED ENTRY--TOPICAL TERM
Topical term or geographic name entry element Social marketing.
650 10 - SUBJECT ADDED ENTRY--TOPICAL TERM
Topical term or geographic name entry element Marketing.
650 10 - SUBJECT ADDED ENTRY--TOPICAL TERM
Topical term or geographic name entry element Strategic planning.
700 1# - ADDED ENTRY--PERSONAL NAME
Personal name Gordon, Ross
Relator term author.
940 ## - EQUIVALENCE OR CROSS-REFERENCE--UNIFORM TITLE [OBSOLETE] [CAN/MARC only]
Uniform title <a href="Lenie">Lenie</a>
942 ## - ADDED ENTRY ELEMENTS (KOHA)
Koha item type
-- GRD 658.8 F887s 2020
Holdings
Withdrawn status Lost status Damaged status Not for loan Home library Current library Shelving location Date acquired Total Checkouts Full call number Barcode Date last seen Copy number Price effective from Koha item type
        Main Library Main Library Graduate School Library 05/12/2023   GRD 658.8 F887s 2020 022773 05/12/2023 1-1 05/12/2023 Books